000 00645cam a2200181 4500
001 ABS60814
008 000000n1999 000 0 eng u
035 _a(Sirsi) u101309
100 _aExall, G.
245 _aCivil litigation brief: Woolf reforms (21).
260 _c1999
490 _aSolicitors' Journal
_v143(23) 11 June 1999, 564-565(2)
520 _aThe latest in a series of articles discussing the Woolf Reforms, this one reviews the rules relating to payments into court and offers to settle (Part 36 of the Civil Procedure Rules).
650 _aWOOLF REFORMS
650 _aCIVIL PROCEDURE RULES
690 _aLAW
942 _n0
999 _c60460
_d60460